| 000 | 01249nam a2200205Ia 4500 | ||
|---|---|---|---|
| 001 | b5567-37342 | ||
| 003 | IT-MiCISF | ||
| 008 | 161014s9999||||xx |||||||||||||| ||und|| | ||
| 040 |
_aIT-MiCISF _cIT-MiCISF |
||
| 041 | _ait | ||
| 100 | _aO'Leary Charles J. | ||
| 245 | 0 |
_aCounseling alla coppia e alla famiglia _bUn approccio centrato sulla persona |
|
| 250 | _a1a ed. | ||
| 260 |
_a Gardolo (TN) _bErickson _c2002 [Edizione originale: 1999] |
||
| 300 | _app. 191 | ||
| 500 | _a / consulenza, famiglia, coppia, consulenti, case-studies / Il volume rappresenta un valido aiuto per gli psicologi che vogliano ampliare le loro conoscenze sul counseling alle coppie e alle famiglie, e costituisce uno strumento di lavoro anche per gli psicoterapeuti della coppia e della famiglia che perseguono l'obiettivo di confrontarsi con l'approccio centrato sulla persona. Fornisce valide indicazioni per aiutare i consulenti familiari a prepararsi al counseling relazionale, presentando l'esperienza concreta di molte coppie, in un processo che svela le caratteristiche peculiari delle fasi iniziali, centrali e conclusive del lavoro terapeutico. | ||
| 650 |
_a Dinamiche familiari / consulenza-familiare _e001 |
||
| 942 | _cBK | ||
| 957 | _71 | ||
| 999 |
_a37342 _bsi _g1 _c211567 _d211567 |
||